| 000 | 00636cas a2200193 4500 | ||
|---|---|---|---|
| 008 | 150401n eng u | ||
| 020 | _a9780124104143 | ||
| 035 | _a(Sirsi) a189216 | ||
| 050 |
_aQA76.5 _BJef 2013 |
||
| 100 | _aJeffers, Jim | ||
| 245 |
_aIntel Xeon Phi Coprocessor high-performance programming/ _cJim Jeffers, James Reinders. |
||
| 260 |
_aAmsterdam: _bMK (Morgan Kaufmann), _c2013. |
||
| 300 |
_axx, 409 p.: _bill. |
||
| 504 | _aIncludes bibliographical references and index. | ||
| 650 | _aCoprocessors | ||
| 650 | _aComputer programming | ||
| 650 | _aHigh Performance Computing | ||
| 700 | _aReinders, James | ||
| 999 |
_c125181 _d125181 |
||